| 000 | 00701cam a2200265 4500 | ||
|---|---|---|---|
| 001 | B3288 | ||
| 008 | 090401t1990 xxu||||| |||| 00| 0 eng d | ||
| 035 | _a(Sirsi) u55113 | ||
| 041 | _aeng | ||
| 050 | _a333.330952 | ||
| 110 |
_aMitsui Real Estate Development Co. Ltd _9187 |
||
| 245 | _aJapanese real estate trends: investors guide 1990/91 | ||
| 260 |
_aTokyo _bMitsui Real Estate Development Co. Ltd _c1990 |
||
| 300 | _a35p. ; 21x30cm. | ||
| 350 | _a110 | ||
| 650 | _aPROPERTY-COMMERCIAL PROPERTY | ||
| 650 | _aFLOORSPACE | ||
| 650 | _aHOUSING STATISTICS | ||
| 650 | _aJAPAN | ||
| 650 | _aLAND PRICES | ||
| 650 | _aOFFICES | ||
| 650 | _aTOKYO | ||
| 942 | _n0 | ||
| 948 | _c04/03/1997 | ||
| 999 |
_c93563 _d93563 |
||